<?xml version="1.0" encoding="UTF-8"?>
<record
    xmlns:xsi="http://www.w3.org/2001/XMLSchema-instance"
    xsi:schemaLocation="http://www.loc.gov/MARC21/slim http://www.loc.gov/standards/marcxml/schema/MARC21slim.xsd"
    xmlns="http://www.loc.gov/MARC21/slim">

  <leader>04829nam a2200469Ia 4500</leader>
  <controlfield tag="001">dia_6386</controlfield>
  <controlfield tag="003">CHAP</controlfield>
  <controlfield tag="005">20240812173303.0</controlfield>
  <controlfield tag="007">ta</controlfield>
  <controlfield tag="008">220601s2016    mx do  frm    001 0 spa d</controlfield>
  <datafield tag="040" ind1=" " ind2=" ">
    <subfield code="a">mxchpua</subfield>
    <subfield code="c">CHAP</subfield>
    <subfield code="e">rda</subfield>
  </datafield>
  <datafield tag="041" ind1="0" ind2=" ">
    <subfield code="a">spa</subfield>
    <subfield code="b">eng</subfield>
  </datafield>
  <datafield tag="090" ind1=" " ind2=" ">
    <subfield code="a">Tesis </subfield>
    <subfield code="b">M66 </subfield>
    <subfield code="c">2016</subfield>
  </datafield>
  <datafield tag="100" ind1="1" ind2=" ">
    <subfield code="a">Monterrosa Molina, Olga Liliana</subfield>
  </datafield>
  <datafield tag="245" ind1="1" ind2="0">
    <subfield code="a">Determinaci&#xF3;n de la eficiencia de un desinfectante org&#xE1;nico, para inhibir la carga mes&#xF3;fila aerobia y de staphylococcus sp. en carne de res, cerdo y pollo / </subfield>
    <subfield code="c">Olga Liliana Monterosa Molina</subfield>
  </datafield>
  <datafield tag="264" ind1=" " ind2=" ">
    <subfield code="a">Chapingo, M&#xE9;xico :</subfield>
    <subfield code="b">El autor,</subfield>
    <subfield code="c">2016</subfield>
  </datafield>
  <datafield tag="300" ind1=" " ind2=" ">
    <subfield code="a">65 hojas :</subfield>
    <subfield code="b">gr&#xE1;fica, diagramas, tablas, fotos +</subfield>
    <subfield code="e">1 CD-ROM</subfield>
  </datafield>
  <datafield tag="336" ind1=" " ind2=" ">
    <subfield code="2">rdacontent</subfield>
    <subfield code="a">texto</subfield>
    <subfield code="b">txt</subfield>
  </datafield>
  <datafield tag="337" ind1=" " ind2=" ">
    <subfield code="2">rdamedia</subfield>
    <subfield code="a">no mediado</subfield>
    <subfield code="b">n</subfield>
  </datafield>
  <datafield tag="338" ind1=" " ind2=" ">
    <subfield code="2">rdacarrier</subfield>
    <subfield code="a">volumen</subfield>
    <subfield code="b">nc</subfield>
  </datafield>
  <datafield tag="500" ind1=" " ind2=" ">
    <subfield code="a">El CD contiene art&#xED;culo, presentaci&#xF3;n y reporte</subfield>
  </datafield>
  <datafield tag="502" ind1=" " ind2=" ">
    <subfield code="a">Tesis </subfield>
    <subfield code="b">(Ingeniero Agroindustrial) -- </subfield>
    <subfield code="c">UACh. Departamento de Ingenier&#xED;a Agroindustrial, </subfield>
    <subfield code="d">2016</subfield>
  </datafield>
  <datafield tag="504" ind1=" " ind2=" ">
    <subfield code="a">Bibliograf&#xED;a: hojas 51-53</subfield>
  </datafield>
  <datafield tag="520" ind1="3" ind2=" ">
    <subfield code="a">El objetivo del presente trabajo de investigaci&#xF3;n fue determinar la eficiencia de un desinfectante org&#xE1;nico para inhibir la carga mes&#xF3;fila aerobia y de Staphylococcus sp, en tres tipos de carnes (res, cerdo y pollo) molida y en trozos. Se analizaron estas carnes, antes y despu&#xE9;s del proceso de desinfecci&#xF3;n. Para la determinaci&#xF3;n y recuento de mes&#xF3;filos aerobios se emple&#xF3; como referencia la NOM-110-SSA1-1994 y NOM-092-SSA1-1994. Para Staphylococcus sp se emple&#xF3; la NOM-110-SSA1-1994 y NOM-034-SSA1-1993. Los resultados obtenidos fueron cualitativos y cuantitativos encontr&#xE1;ndose que la prevalencia de contaminaci&#xF3;n por mes&#xF3;filos aerobios antes de la desinfecci&#xF3;n fue especialmente elevada en carne de pollo y cerdo, mientras que en la de res se determin&#xF3; una menor prevalencia. Posterior a la desinfecci&#xF3;n, se observ&#xF3; que los recuentos disminuyeron hasta un 99 % en las muestras analizadas comprob&#xE1;ndose la efectividad del desinfectante. En carne troceada la prevalencia de mes&#xF3;filos aerobios fue menor que la encontrada en carne molida antes del proceso de desinfecci&#xF3;n, despu&#xE9;s de haber aplicado el desinfectante, al igual que en carne molida, en esta carne la prevalencia de mes&#xF3;filos aerobios disminuy&#xF3; en un 99.9%. Para el recuento de Staphylococcus se analiz&#xF3; carne molida de cerdo, tras haber analizado la carne de pollo y no encontrarse prevalencia de esta bacteria. Al igual que en mes&#xF2;filos se analiz&#xF3; la carne antes y despu&#xE9;s de la desinfecci&#xF3;n pudi&#xE9;ndose reducir hasta un 99% la carga estafiloc&#xF3;cica en esta carne. --</subfield>
  </datafield>
  <datafield tag="520" ind1="3" ind2=" ">
    <subfield code="a">The object of this research work was to determinate the efficiency of an organic disinfectant to inhibit the mesophilic aerobic load and Staphylococcus sp in three types of meat (beef, pork and chicken) ground meat and chopped meat. These meats were analyzed before and after the disinfectant process. For the determination and counting of aerobic mesophilic bacteria it was used as reference the NOM-110-SSA1-1994 and NOM-034-SSA1-1994. For Staphylococcus sp it was used the NOM-110-SSA1-1994 and NOM-034-SSA1-1993. The obtained results were qualitative and quantitative finding out that the prevalence of contamination by aerobic mesophilic bacteria before the disinfection were especially elevated on chicken and pork meat, while in beef, it was determinate a lower concentration. Subsequent the disinfestation, it was observed that the counts decreased in a 99% on the analyzed samples proving the effectiveness of the disinfectant. In chopped meat the prevalence of aerobic mesophilic bacteria was lower than in ground meat before the disinfestation process. After the applying the disinfectant, like in ground meat, the prevalence of aerobic mesophilic bacteria decreased in a 99.9%. For Staphylococcus counting it was analyzed ground pork meat, after analyzing chicken meat and found no prevalence of this bacterium. Like in in mesophilic bacteria it was analyzed before and after the disinfestation, being able to reduce to a 99% the staphylococci load on this meat.</subfield>
  </datafield>
  <datafield tag="650" ind1="1" ind2="3">
    <subfield code="a">Desinfectantes</subfield>
    <subfield code="x">Toronjas  </subfield>
    <subfield code="2">atg</subfield>
  </datafield>
  <datafield tag="650" ind1="1" ind2="3">
    <subfield code="a">Inhibidores enzim&#xE1;ticos </subfield>
    <subfield code="2">atg</subfield>
  </datafield>
  <datafield tag="650" ind1="1" ind2="3">
    <subfield code="a">Carne</subfield>
    <subfield code="x">Preservaci&#xF3;n de alimentos  </subfield>
    <subfield code="2">atg</subfield>
  </datafield>
  <datafield tag="650" ind1="1" ind2="3">
    <subfield code="a">Disinfectants</subfield>
    <subfield code="x">Grapefruits  </subfield>
    <subfield code="2">atg</subfield>
  </datafield>
  <datafield tag="650" ind1="1" ind2="3">
    <subfield code="a">Enzyme inhibitors </subfield>
    <subfield code="2">atg</subfield>
  </datafield>
  <datafield tag="650" ind1="1" ind2="3">
    <subfield code="a">Meat</subfield>
    <subfield code="x">Food preservation</subfield>
    <subfield code="2">atg</subfield>
  </datafield>
  <datafield tag="700" ind1="1" ind2=" ">
    <subfield code="a">G&#xF3;mez Cruz, Adalberto</subfield>
    <subfield code="e">director</subfield>
  </datafield>
  <datafield tag="700" ind1="1" ind2=" ">
    <subfield code="a">Ram&#xED;rez Sep&#xFA;lveda, Marco Favio</subfield>
    <subfield code="e">asesor</subfield>
  </datafield>
  <datafield tag="700" ind1="1" ind2=" ">
    <subfield code="a">Mart&#xED;nez Romero, Salvador</subfield>
    <subfield code="e">asesor</subfield>
  </datafield>
  <datafield tag="856" ind1="4" ind2="1">
    <subfield code="u">http://10.13.5.2/tesis/sist113516.pdf</subfield>
    <subfield code="y">DESCARGAR PDF</subfield>
  </datafield>
  <datafield tag="901" ind1=" " ind2=" ">
    <subfield code="a">TESIS M66 2016</subfield>
  </datafield>
  <datafield tag="902" ind1=" " ind2=" ">
    <subfield code="a">M</subfield>
  </datafield>
  <datafield tag="905" ind1=" " ind2=" ">
    <subfield code="a">5232272016                          mx dnml8223123322spa16</subfield>
  </datafield>
  <datafield tag="942" ind1=" " ind2=" ">
    <subfield code="c">TESIS</subfield>
    <subfield code="2">Clasificaci&#xF3;n Universidad Aut&#xF3;noma Chapingo</subfield>
  </datafield>
  <datafield tag="999" ind1=" " ind2=" ">
    <subfield code="c">209685</subfield>
    <subfield code="d">209685</subfield>
  </datafield>
  <datafield tag="952" ind1=" " ind2=" ">
    <subfield code="0">0</subfield>
    <subfield code="1">0</subfield>
    <subfield code="2">local</subfield>
    <subfield code="4">0</subfield>
    <subfield code="5">1</subfield>
    <subfield code="7">0</subfield>
    <subfield code="8">TESIS</subfield>
    <subfield code="a">IA_</subfield>
    <subfield code="b">IA_</subfield>
    <subfield code="d">2022-06-01</subfield>
    <subfield code="e">El autor</subfield>
    <subfield code="l">0</subfield>
    <subfield code="o">Tesis M66 2016</subfield>
    <subfield code="p">1101006596</subfield>
    <subfield code="r">2022-06-01 00:00:00</subfield>
    <subfield code="t">Ej. 2</subfield>
    <subfield code="w">2022-06-01</subfield>
    <subfield code="y">CD</subfield>
  </datafield>
  <datafield tag="952" ind1=" " ind2=" ">
    <subfield code="0">0</subfield>
    <subfield code="1">0</subfield>
    <subfield code="2">local</subfield>
    <subfield code="4">0</subfield>
    <subfield code="5">1</subfield>
    <subfield code="7">0</subfield>
    <subfield code="8">TESIS</subfield>
    <subfield code="a">IA_</subfield>
    <subfield code="b">IA_</subfield>
    <subfield code="d">2022-06-01</subfield>
    <subfield code="e">El autor</subfield>
    <subfield code="l">0</subfield>
    <subfield code="o">Tesis M66 2016</subfield>
    <subfield code="p">1101006447</subfield>
    <subfield code="r">2026-02-02 00:00:00</subfield>
    <subfield code="t">Ej. 1</subfield>
    <subfield code="w">2022-06-01</subfield>
    <subfield code="y">TESIS</subfield>
  </datafield>
  <datafield tag="952" ind1=" " ind2=" ">
    <subfield code="0">0</subfield>
    <subfield code="1">0</subfield>
    <subfield code="2">local</subfield>
    <subfield code="4">0</subfield>
    <subfield code="7">0</subfield>
    <subfield code="8">TesDigL</subfield>
    <subfield code="a">IA_</subfield>
    <subfield code="b">IA_</subfield>
    <subfield code="c">E_L</subfield>
    <subfield code="d">2024-08-12</subfield>
    <subfield code="e">El autor</subfield>
    <subfield code="l">0</subfield>
    <subfield code="p">1201006447</subfield>
    <subfield code="r">2024-08-12 18:34:42</subfield>
    <subfield code="w">2024-08-12</subfield>
    <subfield code="y">TD</subfield>
  </datafield>
</record>
